Statistiques concernant Jouons au Scrabble avec les lettres JETPUNK

Cliquez ici pour prendre le quiz!

Statistiques générales

  • Ce quiz a été pris 11 243 fois
    (10 622 depuis la dernière actualisation)
  • Le résultat moyen est 126 sur 276

Statistiques - réponses

PointsDéfinitionMot% Correct
9Pronom personnel marquant la première personne du singulier.JE
99%
4Participe passé du verbe pouvoir.PU
96%
10Lancer d'un projectile / avion à réaction.JET
94%
15Mouvement musical contestataire apparu dans les années 1970.PUNK
87%
2Pronom à la 2e personne du singulier, utilisé pour désigner celui à qui l’on parle.TE
86%
2Sans aucun vêtement.NU
83%
2Pronom personnel marquant la deuxième personne du singulier.TU
83%
2Marque la négation / participe passé du verbe naître.NE
74%
53e personne du passé simple de l'indicatif du verbe pouvoir.PUT
74%
5Flatulence.PET
71%
10Activité que l'on exerce dans le but de se divertir.JEU
69%
6(vulgaire) Prostituée.PUTE
69%
2Article indéfini masculin.UN
69%
3Sans aucun vêtement / participe passé du verbe nuer.NUE
65%
2Ainsi que...ET
60%
53e personne du présent de l'indicatif ou participe passé du verbe puer.PUE
55%
5Indique un faible degré.PEU
52%
13Vêtement féminin qui enserre la taille et descend jusqu'à la jambe.JUPE
49%
11Fibre textile extraite de la tige du corchorus / participe passé du verbe juter.JUTE
49%
3Article indéfini féminin.UNE
49%
2Participe passé du verbe avoir.EU
46%
11(à) Sans avoir rien mangé ou bu depuis le début de la journée.JEUN
46%
3Propre et soigné.NET
46%
4(ou thune) Argent, monnaie, ou anciennement pièce de 5 francs.TUNE
46%
2Préposition.EN
45%
33e personne du singulier de l'impératif présent et participe passé du verbe tuer.TUE
44%
12(Belgique) un jeune, un gamin.KET
39%
2Ancien nom de la note de musique Do.UT
38%
20(anglicisme) Consommateur de drogues dures.JUNK
36%
12(verlan) Niquer.KEN
35%
63e personne du singulier du présent de l'indicatif du verbe pouvoir.PEUT
34%
12(ou teck) Une espèce d'arbres.TEK
29%
4Participe passé du verbe tenir / très mince, très fin, à peine perceptibleTENU
25%
5Unité de mesure énergétique, en métrologie.TEP
25%
33e personne du verbe avoir au passé simple de l'indicatif et à l'imparfait du subjonctif.EUT
20%
3Une langue amérindienne de la famille uto-aztèque.UTE
19%
6Type de bateau en bois / ancienne unité monétaire de l'Irlande.PUNT
17%
7Qui est en pente, incliné.PENTU
15%
6Bandage déformable et élastique que l'on fixe à la jante des roues de véhicules.PNEU
13%
12Gouvernement à caractère autoritaire, souvent militaire, issu d'un coup d'État.JUNTE
12%
73e personne du pluriel au présent de l'indicatif du verbe puer.PUENT
9%
7Tabac, en vieux français.PETUN
7%
11(ou tégu) Lézard d'Amérique du Sud du genre tupinambis.TEJU
7%

Distribution des résultats

Percentile par nombre de réponses

% des personnes avec chaque résultat

Votre développement - résultats

Vous n’avez pas pris ce quiz depuis la dernière actualisation